Which Slavic Latin alphabets use this letter? - Statistics

General Stats
  • This quiz has been taken 17 times
  • The average score is 105 of 140
Answer Stats
Question Tile Select % Correct
Ř Slovene No
100%
Ř Croatian No
94%
Ť Croatian No
94%
V (excluding loanwords) Croatian Yes
94%
Ź Croatian No
94%
Š Croatian Yes
94%
Lj (considered a single letter) Czech No
94%
V (excluding loanwords) Czech Yes
94%
Lj (considered a single letter) Polish No
94%
Ź Polish Yes
94%
Lj (considered a single letter) Slovak No
94%
V (excluding loanwords) Slovak Yes
94%
Ť Slovene No
94%
V (excluding loanwords) Slovene Yes
94%
Ź Slovene No
94%
Ä Croatian No
88%
Ž Croatian Yes
88%
Ľ Croatian No
88%
Ů Croatian No
88%
Ż Croatian No
88%
Ě Croatian No
88%
Ł Croatian No
88%
Ł Czech No
88%
Y (excluding loanwords) Polish Yes
88%
Ž Polish No
88%
Ż Polish Yes
88%
Ł Polish Yes
88%
W (excluding loanwords) Polish Yes
88%
Nj (considered a single letter) Polish No
88%
Š Slovak Yes
88%
Ł Slovak No
88%
Ch (considered a single letter) Slovene No
88%
Ę Slovene No
88%
Dz (considered a single letter) Slovene No
88%
Ż Slovene No
88%
Ě Slovene No
88%
Ą Slovene No
88%
Ł Slovene No
88%
Ch (considered a single letter) Croatian No
81%
Lj (considered a single letter) Croatian Yes
81%
Y (excluding loanwords) Croatian No
81%
Ę Croatian No
81%
Ą Croatian No
81%
Ô Croatian No
81%
Nj (considered a single letter) Croatian Yes
81%
Ř Czech Yes
81%
Ź Czech No
81%
Ä Czech No
81%
Ž Czech Yes
81%
Š Czech Yes
81%
Ą Czech No
81%
Ń Czech No
81%
Nj (considered a single letter) Czech No
81%
Ř Polish No
81%
Ť Polish No
81%
Š Polish No
81%
Ę Polish Yes
81%
Ś Polish Yes
81%
Ą Polish Yes
81%
Dž (considered a single letter) Polish No
81%
Č Polish No
81%
Ť Slovak Yes
81%
Ź Slovak No
81%
Ž Slovak Yes
81%
Ę Slovak No
81%
Ś Slovak No
81%
Ą Slovak No
81%
Nj (considered a single letter) Slovak No
81%
Y (excluding loanwords) Slovene No
81%
Ž Slovene Yes
81%
Š Slovene Yes
81%
Ľ Slovene No
81%
Ů Slovene No
81%
Dz (considered a single letter) Croatian No
75%
Ś Croatian No
75%
Ň Croatian No
75%
W (excluding loanwords) Croatian No
75%
Ń Croatian No
75%
Ę Czech No
75%
Ś Czech No
75%
Ě Czech Yes
75%
Ć Czech No
75%
Č Czech Yes
75%
Ä Polish No
75%
Ľ Polish No
75%
Ř Slovak No
75%
Y (excluding loanwords) Slovak Yes
75%
Ż Slovak No
75%
Ś Slovene No
75%
Ď Slovene No
75%
Ô Slovene No
75%
Ń Slovene No
75%
Ď Croatian No
69%
Ć Croatian Yes
69%
Č Croatian Yes
69%
Y (excluding loanwords) Czech Yes
69%
Ň Czech Yes
69%
Ż Czech No
69%
W (excluding loanwords) Czech No
69%
Ô Czech No
69%
V (excluding loanwords) Polish No
69%
Ů Polish No
69%
Ď Polish No
69%
Ň Polish No
69%
Ě Polish No
69%
Ń Polish Yes
69%
Ľ Slovak Yes
69%
Ů Slovak No
69%
Ň Slovak Yes
69%
Ć Slovak No
69%
W (excluding loanwords) Slovak No
69%
Ń Slovak No
69%
W (excluding loanwords) Slovene No
69%
Č Slovene Yes
69%
Dž (considered a single letter) Croatian Yes
63%
Dz (considered a single letter) Czech No
63%
Ů Czech Yes
63%
Ď Czech Yes
63%
Ć Polish Yes
63%
Ô Polish No
63%
Ch (considered a single letter) Slovak Yes
63%
Ě Slovak No
63%
Č Slovak Yes
63%
Ä Slovene No
63%
Ň Slovene No
63%
Ć Slovene No
63%
Ť Czech Yes
56%
Ä Slovak Yes
56%
Ď Slovak Yes
56%
Ch (considered a single letter) Czech Yes
50%
Ľ Czech No
50%
Dž (considered a single letter) Czech No
50%
Ô Slovak Yes
50%
Dž (considered a single letter) Slovak Yes
50%
Dz (considered a single letter) Slovak Yes
38%
Dž (considered a single letter) Slovene No
38%
Ch (considered a single letter) Polish No
25%
Dz (considered a single letter) Polish No
13%
Lj (considered a single letter) Slovene No
13%
Nj (considered a single letter) Slovene No
13%
No matching quizzes found
Score Distribution
Percent of People with Each Score
Percentile by Number Answered
Your Score History
You have not taken this quiz